000 00407nam a2200157Ia 4500
008 240729s9999 xx 000 0 und d
022 _a1948-965X
245 4 _aThe Journal of Nursing Research
260 _aUnited Kingdom
260 _bWolters Kluwer
650 _a Nursing
650 _aMedicine
856 _uhttps://doaj.org/toc/11490d2ac09340809bba29cbc021da77
942 _2ddc
942 _cDOAJEJ
999 _c69848
_d69848
945 _a1
_bMadushi Gamage
_c1
_dMadushi Gamage